Martins by Picture - Statistics

General Stats
  • This quiz has been taken 33 times
  • The average score is 6 of 12
Answer Stats
Picture Answer % Correct
Martin Luther King, Jr.
100%
Martin Scorsese
81%
Martin Luther
78%
Martin Van Buren
75%
Martin Sheen
63%
Martin Short
59%
Martin Lawrence
53%
Martin Freeman
38%
Martin Landau
25%
Martin Garrix
9%
Martin Shkreli
9%
Martin Starr
6%
No matching quizzes found
Score Distribution
Percent of People with Each Score
Percentile by Number Answered
Your Score History
You have not taken this quiz